Nenne alle Länder im Einzugsgebiet des Rheins - Statistiken

Allgemein
  • Dieses Quiz wurde 358 mal gespielt
  • Das Durchschnittsergebnis liegt bei 9 aus 9
Antwortstatistiken
Anteil am Einzugsgebiet Land % Korrekt
50,2% Deutschland
100%
12,7% Schweiz
100%
6,7% Belgien
98%
14,3% Frankreich
98%
13,4% Niederlande
98%
1,2% Luxemburg
97%
1,1% Österreich
96%
0,1% Liechtenstein
95%
<0,1% Italien
89%
Keine übereinstimmenden Quizze gefunden
Verteilung der Resultate
Anzahl Personen mit jedem Resultat
Perzentil nach korrekt beantworteten Fragen
Ihre Resultats-Entwicklung
Sie haben dieses Quiz noch nicht gespielt